Escritos de Enrique Espinoza
Guardat en:
| Format: | Llibre |
|---|---|
| Idioma: | espanyol |
| Publicat: |
Santiago
LOM
2011
|
| Col·lecció: | Babel Revista de Arte y Crítica, 4-6
|
| Matèries: | |
| Etiquetes: |
Afegir etiqueta
Sense etiquetes, Sigues el primer a etiquetar aquest registre!
|
MARC
| LEADER | 00000cam a2200000 a 4500 | ||
|---|---|---|---|
| 001 | UCF2005 | ||
| 003 | CL-VaPUC | ||
| 008 | 120802e20110000CL |||||||||||||||||spa|d | ||
| 020 | |a 9789560000248o.c | ||
| 020 | |a 9789560002983v.1 | ||
| 020 | |a 9789560002990v.2 | ||
| 020 | |a 9789560003003v.3 | ||
| 082 | 0 | 4 | |a Ch864 |b ESC |2 21 |
| 245 | 1 | 0 | |a Escritos de Enrique Espinoza |
| 300 | |a v | ||
| 942 | |c BK | ||
| 945 | |d 20120802 00:00:00 |a dcastane | ||
| 260 | |a Santiago |b LOM |c 2011 | ||
| 500 | |a v.1: Anticolonialismo y espíritu criollo | ||
| 500 | |a v.2: Crítica político-cultural | ||
| 500 | |a v.3: Textos misceláneos | ||
| 600 | 0 | 7 | |a ESPINOZA, ENRIQUE |2 CL-VaPUC |9 563589 |
| 650 | 0 | |a Ensayos chilenos |9 269132 | |
| 650 | 0 | |a Crítica e interpretación |9 255042 | |
| 650 | 7 | |a POLITICA CHILENA |2 CL-VaPUC |9 435961 | |
| 650 | 7 | |a CULTURA CHILENA |2 CL-VaPUC |9 321109 | |
| 583 | |a last modification |c 20120802 10:35:00 |k Rodrigo Vera | ||
| 490 | 0 | |a Babel Revista de Arte y Crítica, 4-6 | |
| 999 | |c 348687 |d 348685 | ||
| 952 | |0 0 |1 0 |4 0 |6 CH_864_000000000000000_ESC_2011 |7 0 |8 A |9 450822 |a BIBING |b BIBING |d 2019-11-22 |h v.1 |i 487188K |o Ch864 ESC 2011 |p 487188K |r 2025-01-20 |w 2019-11-22 |y BK |k CUI | ||
| 952 | |0 0 |1 0 |4 0 |6 CH_864_000000000000000_ESC_2011 |7 0 |8 A |9 450823 |a BIBING |b BIBING |d 2019-11-22 |h v.2 |i 4871898 |o Ch864 ESC 2011 |p 4871898 |r 2025-01-20 |w 2019-11-22 |y BK |k CUI | ||
| 952 | |0 0 |1 0 |4 0 |6 CH_864_000000000000000_ESC_2011 |7 0 |8 A |9 450824 |a BIBING |b BIBING |d 2019-11-22 |h v.3 |i 4871901 |o Ch864 ESC 2011 |p 4871901 |r 2025-01-20 |w 2019-11-22 |y BK |k CUI | ||